Prostredie jednotného trhu EÚ28 bakalárska práca

Gespeichert in:
Bibliographische Detailangaben
1. Verfasser: Ligačová, Terézia
Körperschaft: Obchodná fakulta EU. Katedra medzinárodného obchodu
Weitere Verfasser: Silná, Zuzana
Format: Buch
Sprache:Slowakisch
Veröffentlicht: Bratislava 2014
Tags: Tag hinzufügen
Keine Tags, Fügen Sie das erste Tag hinzu!

MARC

LEADER 00000nbm a2200000 4500
001 0188258
005 20170201100959.9
041 0 |a slo 
044 |a SK 
245 1 0 |a Prostredie jednotného trhu EÚ28  |b bakalárska práca  |c Terézia Ligačová ; školiteľ: Zuzana Silná 
264 1 |a Bratislava  |c 2014 
300 |a 64 s. 
100 1 |a Ligačová, Terézia 
700 1 |a Silná, Zuzana 
710 2 |a Obchodná fakulta EU. Katedra medzinárodného obchodu